000 00466cam a22001577a 4500
008 180718b1995 xxu||||| |||| 00| 0 eng d
082 _aAPPPA 94-95 DEW
100 _aDewan, V.K.
245 _aDemand side energy management in India ( power sector )
_cby V.K. Dewan
260 _aNew Delhi
_bIndian Institute of Public Administration
_c1995
300 _a105p.
650 _aAPPPA
650 _aEnergy Resources
650 _aEnergy Conservation
650 _aPower
999 _c481094
_d481094